[Event "FRA-chT3 North 0304"]
[Site "France"]
[Date "2004.01.18"]
[Round "5.9"]
[White "Pierret, Aralia"]
[Black "Silvert, Valerie"]
[Result "1-0"]
[WhiteElo "1570"]
[BlackElo "1499"]
[PlyCount "55"]
[EventDate "2003.11.??"]
[EventType "team"]
[EventRounds "9"]
[EventCountry "FRA"]
[SourceTitle "EXT 2006"]
[Source "ChessBase"]
[SourceDate "2005.11.24"]
[SourceVersion "1"]
[SourceVersionDate "2005.11.24"]
[SourceQuality "1"]
[WhiteTeam "Chauny St Quentin"]
[BlackTeam "Noyon II"]
[WhiteTeamCountry "FRA"]
[BlackTeamCountry "FRA"]

1. e4 d5 2. exd5 Qxd5 3. Nc3 Qd8 4. d4 g6 5. Be3 Nf6 6. Nf3 Bg7 7. Qd2 0-0 8. 0-0-0 b6 9. h4 h5 10. Rg1 Bg4 11. Be2 c5 12. dxc5 Nc6 13. cxb6 Rb8 14. Nh2 Be6 15. Bf3 Nb4 16. a3 Na2+ 17. Nxa2 Bxa2 18. Qa5 Qc8 19. b7 Qd8 20. Rxd8 Rfxd8 21. Rd1 Nd7 22. Bc6 Be5 23. Ng4 f5 24. Nxe5 Nf6 25. Rxd8+ Rxd8 26. Qxd8+ Kg7 27. b8Q Ne4 28. Qh8# 1-0